US State Capitals - Two Minute Sprint - Statistics

General Stats
  • This quiz has been taken 19,223 times
  • The average score is 35 of 50
Answer Stats
Capital City % Correct
Sacramento
91%
Austin
87%
Albany
86%
Atlanta
81%
Tallahassee
81%
Phoenix
80%
Olympia
78%
Denver
77%
Salem
76%
Boston
75%
Augusta
74%
Boise
74%
Columbus
73%
Helena
73%
Honolulu
73%
Jackson
73%
Juneau
73%
Carson City
72%
Santa Fe
72%
Baton Rouge
70%
Pierre
70%
Annapolis
69%
Oklahoma City
69%
Lansing
68%
Montgomery
68%
Raleigh
68%
Bismarck
67%
Columbia
67%
Indianapolis
67%
Salt Lake City
67%
Springfield
67%
Dover
66%
Jefferson City
66%
Saint Paul
66%
Cheyenne
65%
Lincoln
65%
Nashville
65%
Topeka
65%
Little Rock
64%
Concord
63%
Charleston
62%
Des Moines
62%
Harrisburg
62%
Hartford
62%
Madison
62%
Richmond
62%
Montpelier
60%
Providence
60%
Trenton
60%
Frankfort
58%
No matching quizzes found
Score Distribution
Percent of People with Each Score
Percentile by Number Answered
Your Score History
You have not taken this quiz